| 000 | 01193nac a22003131i 4500 | ||
|---|---|---|---|
| 003 | EG-ScBUE | ||
| 005 | 20250804092120.0 | ||
| 008 | 250804s2005 enka f b 001 0 eng d | ||
| 020 | _a019850389X | ||
| 035 | _a(OCoLC)ocm42214515 | ||
| 040 |
_aEG-ScBUE _beng _erda _cEG-ScBUE _dEG-ScBUE |
||
| 082 | 0 | 4 |
_a547.7 _bWAL _222 |
| 100 | 1 |
_aWalton, David J., _eauthor. |
|
| 245 | 1 | 0 |
_aPolymers / _cDavid J. Walton, Coventry University, J. Phillip Lorimer, Coventry University. |
| 250 | _aReprinted edition. | ||
| 264 | 1 |
_aOxford ; _aNew York : _bOxford University Press, _c2005. |
|
| 300 |
_a154 pages : _billustrations ; _c25 cm. |
||
| 336 |
_2rdacontent _atext _btxt |
||
| 337 |
_aunmediated _2rdamedia _bn |
||
| 338 |
_avolume _bnc _2rdacarrier |
||
| 490 | 0 |
_aOxford chemistry primers ; _v85 |
|
| 504 | _aIncludes bibliographical references and index. | ||
| 650 | 7 |
_aPolymers. _2BUEsh |
|
| 655 | _vReading book | ||
| 700 | 1 |
_aLorimer, J. Phillip, _eauthor. |
|
| 856 | 4 | 1 |
_3Table of contents only _uhttp://www.loc.gov/catdir/enhancements/fy0611/2001273496-t.html |
| 856 | 4 | 1 |
_3Publisher description _uhttp://www.loc.gov/catdir/enhancements/fy0611/2001273496-d.html |
| 942 |
_cBB _2ddc |
||
| 999 |
_c2106 _d2106 |
||